<?xml version="1.0" encoding="UTF-8"?>
<record
    xmlns:xsi="http://www.w3.org/2001/XMLSchema-instance"
    xsi:schemaLocation="http://www.loc.gov/MARC21/slim http://www.loc.gov/standards/marcxml/schema/MARC21slim.xsd"
    xmlns="http://www.loc.gov/MARC21/slim">

  <leader>00639nam a22001577a 4500</leader>
  <controlfield tag="003">OSt</controlfield>
  <controlfield tag="005">20150918181329.0</controlfield>
  <controlfield tag="008">150918b        xxu||||| |||| 00| 0 eng d</controlfield>
  <datafield tag="040" ind1=" " ind2=" ">
    <subfield code="c">RUA</subfield>
  </datafield>
  <datafield tag="082" ind1=" " ind2=" ">
    <subfield code="a">AGR RIE 2005 B032 Or.1</subfield>
  </datafield>
  <datafield tag="100" ind1=" " ind2=" ">
    <subfield code="9">813</subfield>
    <subfield code="a">RIEL SINA</subfield>
  </datafield>
  <datafield tag="245" ind1=" " ind2=" ">
    <subfield code="a">The condition in agricultural activties of tribes peoplein ratanakiri province,(&#x179F;&#x17D2;&#x1790;&#x17B6;&#x1793;&#x1797;&#x17B6;&#x1796;&#x1793;&#x17C3;&#x1780;&#x17B6;&#x179A;&#x1792;&#x17D2;&#x179C;&#x17BE;&#x1780;&#x179F;&#x17B7;&#x1780;&#x1798;&#x17D2;&#x1798;&#x179A;&#x1794;&#x179F;&#x17CB;&#x1794;&#x1784;&#x1794;&#x17D2;&#x17A2;&#x17BC;&#x1793;&#x1787;&#x1793;&#x1787;&#x17B6;&#x178F;&#x17B7;&#x1797;&#x17B6;&#x1782;&#x178F;&#x17B7;&#x1785; &#x1793;&#x17C5;&#x1780;&#x17D2;&#x1793;&#x17BB;&#x1784;&#x1781;&#x17C1;&#x178F;&#x17D2;&#x178F;&#x179A;&#x178F;&#x1793;&#x1782;&#x17B8;&#x179A;&#x17B8;)</subfield>
  </datafield>
  <datafield tag="260" ind1=" " ind2=" ">
    <subfield code="a">phnom penh </subfield>
    <subfield code="b">RUA </subfield>
    <subfield code="c">2005</subfield>
  </datafield>
  <datafield tag="300" ind1=" " ind2=" ">
    <subfield code="a">xii,56p.</subfield>
    <subfield code="c">ill.</subfield>
    <subfield code="g">29cm.</subfield>
  </datafield>
  <datafield tag="942" ind1=" " ind2=" ">
    <subfield code="2">ddc</subfield>
    <subfield code="c">AGR</subfield>
  </datafield>
  <datafield tag="999" ind1=" " ind2=" ">
    <subfield code="c">785</subfield>
    <subfield code="d">785</subfield>
  </datafield>
  <datafield tag="952" ind1=" " ind2=" ">
    <subfield code="0">0</subfield>
    <subfield code="1">0</subfield>
    <subfield code="2">ddc</subfield>
    <subfield code="4">0</subfield>
    <subfield code="6">AGR_RIE_2005_000000000000000_B032_OR_1</subfield>
    <subfield code="7">0</subfield>
    <subfield code="9">3151</subfield>
    <subfield code="a">LBB</subfield>
    <subfield code="b">LBB</subfield>
    <subfield code="c">B032</subfield>
    <subfield code="d">2015-09-18</subfield>
    <subfield code="l">1</subfield>
    <subfield code="o">AGR RIE 2005 B032 Or.1</subfield>
    <subfield code="p">RUA002557</subfield>
    <subfield code="r">2016-06-14</subfield>
    <subfield code="s">2016-05-31</subfield>
    <subfield code="w">2015-09-18</subfield>
    <subfield code="y">AGR</subfield>
  </datafield>
  <datafield tag="952" ind1=" " ind2=" ">
    <subfield code="0">0</subfield>
    <subfield code="1">0</subfield>
    <subfield code="2">ddc</subfield>
    <subfield code="4">0</subfield>
    <subfield code="6">AGR_RIE_2005_000000000000000_B032_OR_2</subfield>
    <subfield code="7">0</subfield>
    <subfield code="9">3152</subfield>
    <subfield code="a">LBB</subfield>
    <subfield code="b">LBB</subfield>
    <subfield code="c">B032</subfield>
    <subfield code="d">2015-09-18</subfield>
    <subfield code="l">1</subfield>
    <subfield code="o">AGR RIE 2005 B032 Or.2</subfield>
    <subfield code="p">RUA002984</subfield>
    <subfield code="r">2019-12-30</subfield>
    <subfield code="s">2019-12-27</subfield>
    <subfield code="w">2015-09-18</subfield>
    <subfield code="y">AGR</subfield>
  </datafield>
  <datafield tag="952" ind1=" " ind2=" ">
    <subfield code="0">0</subfield>
    <subfield code="1">0</subfield>
    <subfield code="2">ddc</subfield>
    <subfield code="4">0</subfield>
    <subfield code="6">AGR_RIE_2005_000000000000000_B032_OR_3</subfield>
    <subfield code="7">0</subfield>
    <subfield code="9">3153</subfield>
    <subfield code="a">LBB</subfield>
    <subfield code="b">LBB</subfield>
    <subfield code="c">B032</subfield>
    <subfield code="d">2015-09-18</subfield>
    <subfield code="o">AGR RIE 2005 B032 Or.3</subfield>
    <subfield code="p">RUA002080</subfield>
    <subfield code="r">2015-09-18</subfield>
    <subfield code="w">2015-09-18</subfield>
    <subfield code="y">AGR</subfield>
  </datafield>
  <datafield tag="952" ind1=" " ind2=" ">
    <subfield code="0">0</subfield>
    <subfield code="1">0</subfield>
    <subfield code="2">ddc</subfield>
    <subfield code="4">0</subfield>
    <subfield code="6">AGR_RIE_2005_000000000000000_B032_OR_4</subfield>
    <subfield code="7">0</subfield>
    <subfield code="9">3154</subfield>
    <subfield code="a">LBB</subfield>
    <subfield code="b">LBB</subfield>
    <subfield code="c">B032</subfield>
    <subfield code="d">2015-09-18</subfield>
    <subfield code="l">2</subfield>
    <subfield code="o">AGR RIE 2005 B032 Or.4</subfield>
    <subfield code="p">RUA002371</subfield>
    <subfield code="r">2022-11-03</subfield>
    <subfield code="s">2022-10-21</subfield>
    <subfield code="w">2015-09-18</subfield>
    <subfield code="y">AGR</subfield>
  </datafield>
  <datafield tag="952" ind1=" " ind2=" ">
    <subfield code="0">0</subfield>
    <subfield code="1">0</subfield>
    <subfield code="2">ddc</subfield>
    <subfield code="4">0</subfield>
    <subfield code="6">AGR_RIE_2005_000000000000000_B032_OR_5</subfield>
    <subfield code="7">0</subfield>
    <subfield code="9">3155</subfield>
    <subfield code="a">LBB</subfield>
    <subfield code="b">LBB</subfield>
    <subfield code="c">B032</subfield>
    <subfield code="d">2015-09-18</subfield>
    <subfield code="o">AGR RIE 2005 B032 Or.5</subfield>
    <subfield code="p">RUA002443</subfield>
    <subfield code="r">2015-09-18</subfield>
    <subfield code="w">2015-09-18</subfield>
    <subfield code="y">AGR</subfield>
  </datafield>
  <datafield tag="952" ind1=" " ind2=" ">
    <subfield code="0">0</subfield>
    <subfield code="1">0</subfield>
    <subfield code="2">ddc</subfield>
    <subfield code="4">0</subfield>
    <subfield code="6">AGR_RIE_2005_000000000000000_B032_OR_6</subfield>
    <subfield code="7">0</subfield>
    <subfield code="9">3156</subfield>
    <subfield code="a">LBB</subfield>
    <subfield code="b">LBB</subfield>
    <subfield code="c">B032</subfield>
    <subfield code="d">2015-09-18</subfield>
    <subfield code="o">AGR RIE 2005 B032 Or.6</subfield>
    <subfield code="p">RUA002081</subfield>
    <subfield code="r">2015-09-18</subfield>
    <subfield code="w">2015-09-18</subfield>
    <subfield code="y">AGR</subfield>
  </datafield>
</record>
